000 01341nam a2200277 a 4500
999 _c380738
_d380738
003 BLK
005 20231027115309.0
008 200810b bu ||||| |||| 00| 0 bu d
020 _a9789546559876
040 _aBLK
041 _aBUL
_cBUL
080 _aРазпространяване на научните знания - популяризиране на науката, занимателна наука, учение за явленията научно необяснени, заблуждения и фалшификации, илюзии и др. п., секретност на научните знания
_b001.9
_z001.9
080 _b616.98
_z616.98
100 _aПрокопенко, Игор Станиславович
_eпърви автор
_91299
139 _aПрокопенко, Игор Станиславович
_bП 91
245 _aКоронавирус
_bВирусът убиец
_cИгор Прокопенко; прев. от рус. Иван Тотоманов.
260 _9209457
_aСофия
_bБард
_c2020
300 _a174 с.
_c21 см
380 _a0
650 7 _9150756
_aВируси
700 _a Тотоманов, Иван Димитров, 1953 -
_9367882
942 _cKNG
_n0
_s1
_015
944 _aCR
_c2020-08-10
_k30530
_lМинев Младен
999 _d380738
999 _d380738